| Tag |
First Indicator |
Second Indicator |
Subfields |
| LEADER |
00000cam a2200000 a 4500 |
| 001 |
in00000030062 |
| 005 |
20151007054851.0 |
| 008 |
870806r19871969nju b 00000 eng |
| 010 |
|
|
|a 87019425
|
| 020 |
|
|
|a 0876689527
|
| 035 |
|
|
|a (OCoLC)16525158
|
| 035 |
|
|
|9 AAB6478AM
|
| 040 |
|
|
|a DLC
|c DLC
|d TXA
|d UtOrBLW
|
| 041 |
1 |
|
|a eng
|a yid
|
| 049 |
|
|
|a TXAM
|c [A11110239]
|
| 050 |
0 |
0 |
|a DS113
|b .W3 1987
|
| 082 |
0 |
|
|a 909/.04924
|2 19
|
| 130 |
0 |
|
|a Way we think.
|
| 245 |
1 |
0 |
|a Great Yiddish writers of the twentieth century /
|c selected and translated by Joseph Leftwich.
|
| 264 |
|
1 |
|a Northvale, N.J. :
|b J. Aronson,
|c [1987]
|
| 264 |
|
4 |
|c ©1987
|
| 300 |
|
|
|a 843 pages ;
|c 24 cm.
|
| 336 |
|
|
|a text
|b txt
|2 rdacontent
|
| 337 |
|
|
|a unmediated
|b n
|2 rdamedia
|
| 338 |
|
|
|a volume
|b nc
|2 rdacarrier
|
| 500 |
|
|
|a Reprint. Originally published: The way we think. South Brunswick, N.J. : T. Yoseloff, 1969.
|
| 504 |
|
|
|a Bibliography: pages 843-849.
|
| 650 |
|
0 |
|a Jews
|x Intellectual life.
|
| 650 |
|
0 |
|a Jews
|x Civilization.
|
| 650 |
|
0 |
|a Judaism
|y 20th century.
|
| 700 |
1 |
|
|a Leftwich, Joseph,
|d 1892-
|
| 999 |
|
|
|a MARS
|
| 999 |
f |
f |
|s 2b1e7208-1134-3893-ae3c-16b28711b6b5
|i fa0659e7-69f4-3da6-bc28-f852f0c67943
|t 0
|
| 952 |
f |
f |
|p ric
|a Texas A&M University
|b Rellis Campus
|c Joint Library Facility
|d Remote Storage
|t 0
|e DS113 .W3 1987
|h Library of Congress classification
|i unmediated -- volume
|m A14811110239
|
| 998 |
f |
f |
|a DS113 .W3 1987
|t 0
|l Remote Storage
|